| 000 | 00373nam a2200145Ia 4500 | ||
|---|---|---|---|
| 008 | 240624s9999 xx 000 0 und d | ||
| 041 | _aeng | ||
| 082 | _a332.1 BHO | ||
| 100 | _aBHOLE L M | ||
| 245 | _aFINANCIAL INSTITUTIONS AND MARKETS STRUC | ||
| 250 | _a(5th ed.) | ||
| 260 |
_c2009 _aNew Delhi _bTata McGraw- Hill |
||
| 300 | _a999 : p. : cm. ; 24 | ||
| 365 |
_cRS _b28 |
||
| 999 |
_c15203 _d15203 |
||